The first Christmas. (Запис № 496863)

МАРК-запис
000 -LEADER
fixed length control field 01160cam a2200277Ia 4500
001 - CONTROL NUMBER
control field firstchristmas00newy
003 - CONTROL NUMBER IDENTIFIER
control field CaSfIA
005 - DATE AND TIME OF LATEST TRANSACTION
control field 20210118083439.0
007 - PHYSICAL DESCRIPTION FIXED FIELD--GENERAL INFORMATION
fixed length control field cr||||
008 - FIXED-LENGTH DATA ELEMENTS--GENERAL INFORMATION
fixed length control field 930717s1989 nyu 000 0 eng d
040 ## - CATALOGING SOURCE
Original cataloging agency OCD
Transcribing agency OCD
Modifying agency BAKER
-- BTCTA
-- QT5
-- CaSfIA
020 ## - INTERNATIONAL STANDARD BOOK NUMBER
International Standard Book Number 0026893134
020 ## - INTERNATIONAL STANDARD BOOK NUMBER
International Standard Book Number 9780026893138
035 ## - SYSTEM CONTROL NUMBER
System control number (OCoLC)28466919
082 #4 - DEWEY DECIMAL CLASSIFICATION NUMBER
Classification number 226.4
029 1# - (OCLC)
OCLC library identifier UNITY
System control number 090854608
245 04 - TITLE STATEMENT
Title The first Christmas.
Medium [electronic resource]
260 ## - PUBLICATION, DISTRIBUTION, ETC. (IMPRINT)
Place of publication, distribution, etc New York :
Name of publisher, distributor, etc Chex Books,
Date of publication, distribution, etc c1989.
300 ## - PHYSICAL DESCRIPTION
Extent 29 p. :
Other physical details ill. ;
Dimensions 24 cm.
506 ## - RESTRICTIONS ON ACCESS NOTE
Standardized terminology for access restriction Необхідна авторизація на https://archive.org/ (створення облікового запису безкоштовно)
506 ## - RESTRICTIONS ON ACCESS NOTE
Standardized terminology for access restriction Необхідна авторизація на https://openlibrary.org/ (створення облікового запису безкоштовно)
600 00 - SUBJECT ADDED ENTRY--PERSONAL NAME
Personal name Jesus Christ
General subdivision Nativity.
856 41 - ELECTRONIC LOCATION AND ACCESS
Uniform Resource Identifier <a href="http://www.archive.org/details/firstchristmas00newy">http://www.archive.org/details/firstchristmas00newy</a>
Public note Free eBook from the Internet Archive
856 42 - ELECTRONIC LOCATION AND ACCESS
Uniform Resource Identifier <a href="http://www.openlibrary.org/books/OL7267357M">http://www.openlibrary.org/books/OL7267357M</a>
Public note Additional information and access via Open Library
942 ## - ADDED ENTRY ELEMENTS (KOHA)
Koha item type ЕКнига

Немає доступних примірників.